000 00709nam a2200205 i 4500
001 83899
003 ES-MaACL
005 20230906174918.0
007 t|
008 041118s1971 sp ||||1| spa d
100 1 _aIto, Hiroshi.
_965612
245 1 0 _aIntroducción al "Counseling"
_b: el pensamiento de Carl R. Rogers /
_cHiroshi Ito ; [traducción por Juan M. Sánchez-Rivera Peiro].
260 _aMadrid :
_bRazón y Fé,
_c1971]
300 _a173 p. ;
_c20 cm.
490 1 _aPsicología, medicina, pastoral ;
_v73
700 1 _aSánchez-Rivera Peiró, Juan M.
_9102878
830 0 _aPsicología, medicina, pastoral ;
_v73
_9180800
852 _aES-MaACL
_jC-45255
_bR.76637
999 _c83899
_d83899